banner koha

Relatorio anual SEST, 1982 [Secretaria de Planejamento da Presidencia da Republica. Secretaria de Controle de Empresas Estatais, Brasil] (Registro n. 276185)

MARC details
000 -LÍDER
campo de controle de tamanho fixo 01072nac a22002777a 4500
001 - NÚMERO DE CONTROLE
campo de controle BR8302836
003 - IDENTIFICADOR DO NÚMERO DE CONTROLE
campo de controle BR-BrBNA
005 - DATA E HORÁRIO DA ÚLTIMA TRANSAÇÃO
campo de controle 20240105115735.0
008 - CAMPO DE DADOS FIXOS--INFORMAÇÃO GERAL
campo de controle de tamanho fixo 230509b bl.|||m| |||| 00| 0 por d
040 ## - FONTE DA CATALOGAÇÃO
Instituição da catalogação original BR-BrBNA
Idioma da catalogação por
Instituição que transcreveu o registro Biblioteca Nacional de Agricultura
072 ## - CÓDIGO DE CATEGORIA DE ASSUNTO
Código de Categoria de Assunto E10
090 ## - NÚMERO DE CHAMADA LOCAL
Número de chamada E10 BR8302836
110 1# - ENTRADA PRINCIPAL--NOME CORPORATIVO
Nome corporativo ou nome da jurisdição Secretaria de Planejamento da Presidencia da Republica, Brasilia, DF (Brasil). Secretaria de Controle de Empresas Estatais
9 (RLIN) 9013
245 1# - TÍTULO
Título Relatorio anual SEST, 1982 [Secretaria de Planejamento da Presidencia da Republica. Secretaria de Controle de Empresas Estatais, Brasil]
260 3# - PUBLICAÇÃO, DISTRIBUIÇÃO, ETC.
Local de publicação, distribuição, etc. Brasilia, DF (Brasil):
Data da publicação, distribuição, etc. 1983.
300 ## - DESCRIÇÃO FÍSICA
Extensão 181 p.
490 ## - TÍTULO DA SÉRIE
Título da série Relatorio - Secretaria de Planejamento da Presidencia da Republica. Secretaria de Controle de Empresas Estatais (Brazil)
Número do volume ou designação sequencial da série
ISSN - International Standard Serial Number
500 ## - NOTA GERAL
Nota geral 40 tables
650 ## - ASSUNTO--TERMO TÓPICO
Cabeçalho tópico ou nome geográfico PLANEJAMENTO ECONOMICO
650 ## - ASSUNTO--TERMO TÓPICO
Cabeçalho tópico ou nome geográfico EMPRESA INDUSTRIAL
650 ## - ASSUNTO--TERMO TÓPICO
Cabeçalho tópico ou nome geográfico ORCAMENTO
650 ## - ASSUNTO--TERMO TÓPICO
Cabeçalho tópico ou nome geográfico INVESTIMENTO
650 ## - ASSUNTO--TERMO TÓPICO
Cabeçalho tópico ou nome geográfico FINANCIAMENTO
909 ## -
-- 202312
-- Lúcia Elande
-- 55
-- Lúcia Elande
942 ## - ELEMENTOS DE ENTRADA ADICIONADOS (KOHA)
Fonte da classificação ou esquema de arquivamento na estante Classificação AGRIS
Ocultar no OPAC Não
Tipo de material Koha Monografia Seriada
Exemplares
Situação do descarte Fonte da classificação ou esquema de arquivamento na estante Situação física Não pode ser emprestado Coleção Biblioteca de origem Biblioteca atual Localização na estante Total de empréstimos Número de telefone completo Código de barras Data de último acesso Tipo de material Koha Fonte de aquisição
  Classificação AGRIS       Biblioteca Nacional de Agricultura - Binagri Biblioteca Nacional de Agricultura - Binagri Agrobase - Acervo Geral   E10 BR8302836 E10 BR8302836 18/12/2023 Monografia Seriada Portaria Interministerial nº 164/94

BINAGRI

Telefone: (61)3218-2567/2388/3357/2097 - binagri@agro.gov.br

Ministério da Agricultura e Pecuária , Esplanada dos Ministérios, Bloco D, Anexo B, Brasília/DF, CEP: 70.043-900